| 000 | 01092nam a22002777a 4500 | ||
|---|---|---|---|
| 001 | 3153 | ||
| 003 | FISKH | ||
| 005 | 20240214142200.0 | ||
| 008 | 240214b cb ||||| |||| 00| 0 eng d | ||
| 020 | _a9781409301110 | ||
| 040 |
_aFISKH _beng _cFISKH _dFISKH |
||
| 050 | _aCB053 | ||
| 082 | _a428.6 | ||
| 100 | _aMurray, William | ||
| 245 |
_aPlay with us: _bKey Words Reading Scheme / _cWritten by W. Murray ; illustrated by J.H. Wingfield |
||
| 260 |
_aVictoria : _bPenguin Books, _c2018. |
||
| 300 |
_a52 pages : _bcolor illustrations ; _c18 cm |
||
| 505 | _aB | ||
| 520 | _aDid you know that: just 12 words make up one quarter of the words we read and write?; or that 100 words make up one half of all printed vocabulary? It is easier for children to learn to read if they are taught these words first. That's exactly what the key words reading scheme aims to do. | ||
| 521 | 8 |
_a40
_bLexile |
|
| 521 | 8 |
_aB
_bRaz-Plus |
|
| 650 |
_aLadybird Books _xChildren's Books |
||
| 650 | _aEarly Learners | ||
| 700 |
_aWingfield, J. H. _eIllustrator |
||
| 942 |
_2lcc _cBK _n0 |
||
| 999 |
_c3153 _d3153 |
||